00317nam a2200133Ia 45000030006000000080041000060400015000471000032000622450040000942500011001342600009001455460012001540050017001660STCL150530s9999 xx 000 0 und d aSTCLcSTCL aNene, Y.L.; Thapliyal, P.N. aFungicides in plant disease control aSecond c1982 aEnglish20220125170327.0